[Event "Unterfranken-ch69 M2"]
[Site "Schweinfurt"]
[Date "2018.04.05"]
[Round "6"]
[White "Boeckler, Michael"]
[Black "Heller, Thomas"]
[Result "1-0"]
[WhiteElo "1730"]
[BlackElo "1775"]
[PlyCount "57"]
[EventDate "2018.04.02"]
[EventType "swiss"]
[EventRounds "9"]
[EventCountry "GER"]
[SourceTitle "EXT 2019"]
[Source "ChessBase"]
[SourceDate "2018.10.10"]
[SourceVersion "1"]
[SourceVersionDate "2018.10.10"]
[SourceQuality "1"]

1. d4 d5 2. Bf4 Nf6 3. e3 g6 4. Nf3 Bg7 5. Nbd2 0-0 6. Be2 a6 7. Ne5 Nbd7 8. g4 Nxe5 9. dxe5 Ne8 10. h4 c5 11. h5 Nc7 12. Nf3 Ne6 13. g5 b5 14. Nh4 Bb7 15. Bf3 Ra7 16. Qe2 Qa8 17. 0-0-0 Nxf4 18. exf4 d4 19. Bxb7 Qxb7 20. e6 Qd5 21. exf7+ Kxf7 22. hxg6+ hxg6 23. Nxg6 Qxa2 24. Qh5 Qa1+ 25. Kd2 Qa5+ 26. Ke2 Ke6 27. Nxf8+ Bxf8 28. Qg6+ Kd7 29. Qf5+ 1-0

[Event "Schweinfurt op 26th"]
[Site "Schweinfurt"]
[Date "2016.05.29"]
[Round "6"]
[White "Heller, Thomas"]
[Black "Leichum, Engelbert"]
[Result "1-0"]
[WhiteElo "1828"]
[BlackElo "1708"]
[PlyCount "119"]
[EventDate "2016.05.26"]
[EventType "swiss"]
[EventRounds "7"]
[EventCountry "GER"]
[SourceTitle "CBM 172 Extra"]
[Source "ChessBase"]
[SourceDate "2016.06.21"]
[SourceVersion "1"]
[SourceVersionDate "2016.06.21"]
[SourceQuality "1"]

1. c4 e5 2. Nc3 Bc5 3. e3 Nc6 4. a3 a5 5. Qg4 g6 6. d3 d6 7. Qd1 Nge7 8. Nge2 Nf5 9. g3 Nh6 10. Bg2 Bg4 11. h3 Bxe2 12. Qxe2 Bb6 13. Nd5 Nf5 14. 0-0 Nfe7 15. Nf6+ Kf8 16. Bd2 Nf5 17. Nd5 Qc8 18. Nxb6 cxb6 19. Rfc1 Kg7 20. b3 Qd7 21. Qe1 Nce7 22. b4 Rhf8 23. bxa5 bxa5 24. Bxa5 Nc6 25. Bb4 Nfe7 26. Qc3 Kg8 27. Kh2 f5 28. Qd2 Rf6 29. Bc3 Raf8 30. f4 R6f7 31. d4 e4 32. d5 Nd8 33. Qd4 Rf6 34. Rcb1 h6 35. h4 Qe8 36. Qb6 Nc8 37. Qb2 R6f7 38. Rh1 Rh7 39. Kg1 b6 40. a4 Nb7 41. a5 bxa5 42. Bxa5 Nc5 43. Qc2 Rff7 44. Bf1 Ra7 45. Bc3 Rab7 46. Rh2 Rhe7 47. Rg2 Nb6 48. Bd4 Nba4 49. g4 fxg4 50. Rxg4 Nb3 51. Ra3 Nac5 52. Bb2 Qb8 53. Qc3 Kh7 54. Qf6 Rg7 55. h5 g5 56. Qf5+ Kh8 57. fxg5 Kg8 58. gxh6 Rxg4+ 59. Qxg4+ Kh7 60. Qg6# 1-0

[Event "Schweinfurt op 23rd"]
[Site "Schweinfurt"]
[Date "2013.06.02"]
[Round "6"]
[White "Helgert, Johannes"]
[Black "Heller, Thomas"]
[Result "1/2-1/2"]
[WhiteElo "2024"]
[BlackElo "1801"]
[PlyCount "105"]
[EventDate "2013.05.30"]
[EventType "swiss"]
[EventRounds "7"]
[EventCountry "GER"]
[SourceTitle "CBM 154 Extra"]
[Source "ChessBase"]
[SourceDate "2013.06.25"]
[SourceVersion "2"]
[SourceVersionDate "2013.06.25"]
[SourceQuality "1"]

1. e4 e6 2. d4 d5 3. e5 c5 4. c3 a6 5. Nf3 Nc6 6. a3 Qb6 7. b4 cxd4 8. cxd4 Nge7 9. Be3 Nf5 10. Nc3 Nxe3 11. fxe3 Bd7 12. Na4 Qd8 13. Bd3 b6 14. Qe2 b5 15. Nc5 Bxc5 16. dxc5 Qb8 17. Qb2 h6 18. 0-0 Ra7 19. Rf2 g5 20. g4 Ke7 21. e4 d4 22. Nxd4 Nxe5 23. Be2 Rf8 24. Rc1 Qc7 25. Qc3 Raa8 26. h3 Rad8 27. a4 Nc6 28. axb5 Nxd4 29. Qxd4 Bxb5 30. Qf6+ Ke8 31. Bxb5+ axb5 32. Kg2 Rd3 33. e5 Qc6+ 34. Kh2 Rd8 35. Ra1 Qb7 36. Rfa2 Qe7 37. Qf3 Qc7 38. Qe4 f5 39. Qe2 fxg4 40. hxg4 Rf4 41. Qxb5+ Kf8 42. Ra8 Rfd4 43. c6 R4d5 44. Qf1+ Kg8 45. Qf6 Rd2+ 46. Kg1 Qb6+ 47. Kf1 Qb5+ 48. Kg1 Qb6+ 49. Kf1 Qb5+ 50. Kg1 Qb6+ 51. Kf1 Qb5+ 52. Kg1 Qb6+ 53. Kf1 1/2-1/2

[Event "Schweinfurt op 23rd"]
[Site "Schweinfurt"]
[Date "2013.06.01"]
[Round "5"]
[White "Heller, Thomas"]
[Black "Wolf, Pablo"]
[Result "1-0"]
[WhiteElo "1801"]
[BlackElo "1506"]
[PlyCount "57"]
[EventDate "2013.05.30"]
[EventType "swiss"]
[EventRounds "7"]
[EventCountry "GER"]
[SourceTitle "CBM 154 Extra"]
[Source "ChessBase"]
[SourceDate "2013.06.25"]
[SourceVersion "2"]
[SourceVersionDate "2013.06.25"]
[SourceQuality "1"]

1. d4 d5 2. Nf3 Nf6 3. Nbd2 Bf5 4. g3 Nc6 5. c3 e6 6. Bg2 Bd6 7. 0-0 0-0 8. Nh4 Bg6 9. Nxg6 hxg6 10. f4 Ne7 11. e4 dxe4 12. Nxe4 Nxe4 13. Bxe4 Rb8 14. Qf3 c5 15. Be3 cxd4 16. Bxd4 b6 17. Rad1 Qc7 18. Kg2 Nf5 19. Bf2 Bc5 20. Bxf5 gxf5 21. Rd3 Bxf2 22. Rxf2 Rfd8 23. Rfd2 Rxd3 24. Qxd3 Qc6+ 25. Kg1 Rb7 26. Qd8+ Kh7 27. Qh4+ Kg6 28. Qg5+ Kh7 29. Qh5+ 1-0

[Event "Schweinfurt op 23rd"]
[Site "Schweinfurt"]
[Date "2013.06.01"]
[Round "4"]
[White "Roth, Jakob"]
[Black "Heller, Thomas"]
[Result "0-1"]
[WhiteElo "1582"]
[BlackElo "1801"]
[PlyCount "168"]
[EventDate "2013.05.30"]
[EventType "swiss"]
[EventRounds "7"]
[EventCountry "GER"]
[SourceTitle "CBM 154 Extra"]
[Source "ChessBase"]
[SourceDate "2013.06.25"]
[SourceVersion "2"]
[SourceVersionDate "2013.06.25"]
[SourceQuality "1"]

1. b3 e6 2. Bb2 Nf6 3. e3 d5 4. f4 Ne4 5. Nf3 Nd7 6. Be2 b6 7. Bb5 Bb7 8. Bxd7+ Qxd7 9. 0-0 f6 10. d3 Nd6 11. Nh4 0-0-0 12. Nd2 Qf7 13. Qg4 Kb8 14. Ndf3 Rg8 15. Nd4 Re8 16. a4 a6 17. a5 c5 18. Ne2 b5 19. c3 Be7 20. f5 e5 21. Nf3 Bc8 22. Nd2 g5 23. e4 h5 24. Qg3 Bb7 25. exd5 Bxd5 26. c4 Bc6 27. Nc3 b4 28. Nce4 Nxe4 29. dxe4 Rd8 30. Qe3 Rd7 31. Rfd1 Rgd8 32. Qe2 Bf8 33. Bc1 Rd6 34. Ra2 g4 35. Re1 Rd3 36. Rd1 Qb7 37. Re1 Bh6 38. Kf1 Re3 39. Qf2 Rxe1+ 40. Qxe1 Bg5 41. Qe2 Qd7 42. Ke1 Qd4 43. Kf1 Bf4 44. g3 Bg5 45. Kg2 Kb7 46. Kf1 Qc3 47. Qe1 Rd3 48. Kg2 Bxd2 49. Rxd2 Qxb3 50. Qe2 Rxd2 51. Bxd2 Qc2 52. Qe3 Qxe4+ 53. Qxe4 Bxe4+ 54. Kf2 b3 55. Bc3 Bxf5 56. Ke3 Kc6 57. Kd2 Kd6 58. Ke3 Be6 59. Kd3 f5 60. Bd2 b2 61. Kc2 b1Q+ 62. Kxb1 Bxc4 63. Kc2 Kd5 64. Be3 Bb5 65. Kc3 c4 66. Bd2 Ke4 67. Bg5 Kf3 68. Bf6 e4 69. Bd4 Kg2 70. Kd2 Kxh2 71. Be5 Kh3 72. Ke3 h4 73. Kf4 hxg3 74. Kxf5 e3 75. Ke4 g2 76. Kxe3 g1Q+ 77. Kd2 Qf2+ 78. Kc3 Qe3+ 79. Kb4 Qxe5 80. Ka3 Qc3+ 81. Ka2 Qxa5+ 82. Kb1 Qd2 83. Ka1 c3 84. Kb1 Qb2# 0-1

[Event "Unterfranken-ch M2 61th"]
[Site "Kitzingen"]
[Date "2010.04.06"]
[Round "2"]
[White "Susallek, Markus"]
[Black "Heller, Thomas"]
[Result "1/2-1/2"]
[WhiteElo "1846"]
[BlackElo "1673"]
[PlyCount "152"]
[EventDate "2010.04.05"]
[EventType "swiss"]
[EventRounds "9"]
[EventCountry "GER"]
[SourceTitle "EXT 2015"]
[Source "ChessBase"]
[SourceDate "2014.11.20"]
[SourceVersion "1"]
[SourceVersionDate "2014.11.20"]
[SourceQuality "1"]

1. e4 b6 2. d4 c6 3. Nc3 e6 4. d5 cxd5 5. exd5 e5 6. d6 a6 7. Nf3 Nc6 8. Bc4 Qf6 9. Ng5 Nh6 10. Nge4 Qg6 11. Bxh6 gxh6 12. Qd2 b5 13. Bd5 Bb7 14. Nc5 0-0-0 15. 0-0-0 Qg5 16. Nxb7 Kxb7 17. Qxg5 hxg5 18. Bxf7 Bg7 19. Ne4 h6 20. c3 Rdf8 21. Bd5 Kb6 22. h4 gxh4 23. Rxh4 Rf4 24. Rh3 Rg4 25. Rg3 Rxg3 26. Nxg3 Bf6 27. Ne4 Bg7 28. Rh1 b4 29. Bxc6 Kxc6 30. cxb4 Kd5 31. Nc5 Bf6 32. b3 e4 33. Rd1+ Ke5 34. Re1 Bg5+ 35. Kc2 e3 36. fxe3 Rc8 37. Kd3 Kxd6 38. Ne4+ Ke5 39. Nxg5 hxg5 40. Re2 Rb8 41. a3 Rb6 42. Rc2 Rd6+ 43. Ke2 Rf6 44. Rc5+ d5 45. b5 axb5 46. Rxb5 Rc6 47. Kd3 Rc1 48. e4 Rd1+ 49. Ke2 Ra1 50. Rxd5+ Kxe4 51. Ra5 Ra2+ 52. Kf1 g4 53. Ra7 g3 54. Re7+ Kd3 55. a4 Rf2+ 56. Kg1 Rb2 57. Re1 Ra2 58. Rb1 Kc3 59. Re1 Kd2 60. Kf1 Ra3 61. Re2+ Kd3 62. Re1 Kd2 63. a5 Rxa5 64. Re2+ Kd3 65. Re1 Rh5 66. Kg1 Rb5 67. Rf1 Rg5 68. Rf3+ Ke2 69. b4 Rb5 70. Rxg3 Rxb4 71. Kh2 Rh4+ 72. Rh3 Rg4 73. g3 Kf2 74. Rh4 Rxg3 75. Rf4+ Rf3 76. Rxf3+ Kxf3 1/2-1/2

[Event "Unterfranken-ch M2 57th"]
[Site "Prichsenstadt"]
[Date "2006.04.20"]
[Round "6"]
[White "Feichtner, Erich"]
[Black "Heller, Thomas"]
[Result "1/2-1/2"]
[WhiteElo "1786"]
[BlackElo "1750"]
[PlyCount "96"]
[EventDate "2006.04.17"]
[EventType "swiss"]
[EventRounds "9"]
[EventCountry "GER"]
[SourceTitle "EXT 2015"]
[Source "ChessBase"]
[SourceDate "2014.11.20"]
[SourceVersion "1"]
[SourceVersionDate "2014.11.20"]
[SourceQuality "1"]

1. d4 d5 2. c4 c6 3. Nf3 Nf6 4. Nc3 e6 5. e3 Nbd7 6. Bd3 dxc4 7. Bxc4 Nb6 8. Bd3 Nbd5 9. e4 Nxc3 10. bxc3 Be7 11. 0-0 h6 12. Bc2 b6 13. Re1 Qc7 14. a3 Bb7 15. e5 Nh7 16. Be3 0-0-0 17. Qb1 Nf8 18. a4 c5 19. Nd2 c4 20. Qa2 Bd5 21. Reb1 a6 22. Bd1 Kb7 23. Rb2 Nd7 24. Be2 Rc8 25. Rab1 Ka7 26. f3 Qc6 27. Bf2 h5 28. Ne4 Rb8 29. Be3 Rb7 30. Nd2 Rc8 31. Qa1 f5 32. a5 b5 33. Bxc4 Ka8 34. Bxd5 exd5 35. Rc2 g5 36. Qb2 f4 37. Bf2 Nf8 38. Rbc1 Qd7 39. Qa2 Ne6 40. Rb1 Rcb8 41. Qb2 Qd8 42. Qb3 Rc8 43. c4 dxc4 44. Nxc4 Nxd4 45. Nb6+ Rxb6 46. Rxc8+ Qxc8 47. Qd5+ Rc6 48. Bxd4 Kb8 1/2-1/2

[Event "Unterfranken-ch M2 57th"]
[Site "Prichsenstadt"]
[Date "2006.04.19"]
[Round "4"]
[White "Krebs, Martin"]
[Black "Heller, Thomas"]
[Result "1-0"]
[WhiteElo "1810"]
[BlackElo "1750"]
[PlyCount "81"]
[EventDate "2006.04.17"]
[EventType "swiss"]
[EventRounds "9"]
[EventCountry "GER"]
[SourceTitle "EXT 2015"]
[Source "ChessBase"]
[SourceDate "2014.11.20"]
[SourceVersion "1"]
[SourceVersionDate "2014.11.20"]
[SourceQuality "1"]

1. d4 g6 2. Nf3 Nf6 3. c4 c6 4. Nc3 d5 5. Bf4 Nbd7 6. cxd5 cxd5 7. e3 Bg7 8. Bd3 0-0 9. 0-0 a6 10. Rc1 b5 11. Qb3 Nb6 12. Nxb5 axb5 13. Bc7 Qe8 14. Bxb6 Bd7 15. Ne5 Rb8 16. Bc5 Be6 17. Qb4 Rb7 18. a4 Ng4 19. Nxg4 Bxg4 20. Bxb5 Bd7 21. Bxd7 Qxd7 22. Qa3 Ra8 23. b3 Bf6 24. Rb1 h5 25. Qc1 Rab8 26. Qd1 Kh7 27. b4 Ra8 28. Ra1 Kh6 29. Qb3 e5 30. Rfd1 e4 31. b5 Bd8 32. Rdb1 Bb6 33. h3 g5 34. Bxb6 Rxb6 35. a5 Rf6 36. b6 Qb7 37. Qb5 Rf3 38. a6 Rxa6 39. Qxa6 Qd7 40. b7+ f6 41. b8Q 1-0

[Event "Unterfranken-ch M2 57th"]
[Site "Prichsenstadt"]
[Date "2006.04.18"]
[Round "2"]
[White "Neubauer, Jaroslaus"]
[Black "Heller, Thomas"]
[Result "1-0"]
[WhiteElo "1938"]
[BlackElo "1750"]
[PlyCount "103"]
[EventDate "2006.04.17"]
[EventType "swiss"]
[EventRounds "9"]
[EventCountry "GER"]
[SourceTitle "EXT 2015"]
[Source "ChessBase"]
[SourceDate "2014.11.20"]
[SourceVersion "1"]
[SourceVersionDate "2014.11.20"]
[SourceQuality "1"]

1. e4 c5 2. Nf3 Nc6 3. d4 cxd4 4. Nxd4 e5 5. Nb3 Nf6 6. Nc3 h6 7. Bc4 Bb4 8. 0-0 Bxc3 9. bxc3 0-0 10. Ba3 Re8 11. Bd6 Ne7 12. Qd3 Ng6 13. g3 a5 14. a4 b6 15. Nd2 Bb7 16. Rab1 Rc8 17. f3 Bc6 18. Bb3 b5 19. axb5 Qb6+ 20. Rf2 Bxb5 21. Bxf7+ Kxf7 22. Rxb5 Qa6 23. Rc5 Qxd3 24. cxd3 Rxc5 25. Bxc5 Rc8 26. d4 Rc6 27. Nc4 exd4 28. cxd4 Ra6 29. Ra2 a4 30. Nd6+ Ke6 31. f4 Nf8 32. f5+ Ke7 33. Nb5+ Kf7 34. Nc3 d6 35. Bb4 N8d7 36. Kg2 g6 37. fxg6+ Kxg6 38. Kf3 h5 39. Rxa4 Rxa4 40. Nxa4 d5 41. e5 Ne4 42. Nb2 Kf5 43. Nd3 Ng5+ 44. Ke3 Nf7 45. h3 Nb6 46. Nf4 Nc4+ 47. Kf3 Ncxe5+ 48. dxe5 Ng5+ 49. Kg2 Kxe5 50. Nxh5 Ne6 51. Bd2 Kf5 52. Nf4 1-0

[Event "Unterfranken-ch HA 56th"]
[Site "Stetten"]
[Date "2005.03.29"]
[Round "3"]
[White "Heller, Thomas"]
[Black "Amtmann, Florian"]
[Result "1-0"]
[WhiteElo "1735"]
[BlackElo "1770"]
[PlyCount "185"]
[EventDate "2005.03.28"]
[EventType "swiss"]
[EventRounds "9"]
[EventCountry "GER"]
[SourceTitle "EXT 2015"]
[Source "ChessBase"]
[SourceDate "2014.11.20"]
[SourceVersion "1"]
[SourceVersionDate "2014.11.20"]
[SourceQuality "1"]

1. e4 c5 2. c4 Nc6 3. Nc3 e6 4. Nf3 Nge7 5. d4 cxd4 6. Nxd4 Nxd4 7. Qxd4 Nc6 8. Qd1 Bb4 9. Bd2 Qh4 10. Bd3 Ne5 11. Be3 0-0 12. h3 b6 13. g3 Bxc3+ 14. bxc3 Qe7 15. 0-0 Nxd3 16. Qxd3 Ba6 17. Rfd1 Rfd8 18. Qd6 Qxd6 19. Rxd6 Bxc4 20. a4 Kf8 21. a5 Ke7 22. Rd4 b5 23. Rad1 d5 24. e5 Rdc8 25. Rc1 Be2 26. Rd2 Bf3 27. Bd4 Rc4 28. Ra1 a6 29. Rb2 Rb8 30. Rb4 Rc6 31. g4 h5 32. g5 Be4 33. h4 Rbc8 34. Ra3 Rc4 35. Rab3 Kd7 36. Kh2 Bc2 37. Rxc4 dxc4 38. Rb2 Bd3 39. Kg3 Kc6 40. Kf4 Rd8 41. Ke3 Kd7 42. f4 Ke8 43. Bc5 Rd5 44. Bd4 Kf8 45. Rd2 Kg8 46. Rb2 Kh7 47. Rd2 Kg6 48. Rb2 Kf5 49. Rg2 Be4 50. Rg1 Bd3 51. g6 f6 52. exf6 Rxd4 53. Rg5+ Kxf6 54. Kxd4 Bxg6 55. Rc5 Be8 56. Rc8 Bf7 57. Rc7 Be8 58. Ra7 Kf5 59. Ke3 Kg4 60. Rxa6 Bd7 61. Ra7 Bc6 62. Rxg7+ Kxh4 63. a6 Kh3 64. Kf2 h4 65. a7 b4 66. cxb4 Bd5 67. Rg8 e5 68. fxe5 c3 69. a8Q Bxa8 70. Rc8 Bd5 71. Rxc3+ Kg4 72. Rd3 Bc6 73. Rd6 Bb7 74. e6 h3 75. Kg1 Kg3 76. Rd3+ Kg4 77. Kh2 Bc6 78. Rc3 Ba4 79. Rc5 Kf3 80. Kxh3 Ke4 81. Kh4 Kd4 82. Kg5 Bb3 83. e7 Bf7 84. Kf6 Be8 85. Kg7 Ba4 86. Kf8 Bd7 87. e8Q Bxe8 88. Kxe8 Ke4 89. Ke7 Kd3 90. Kd6 Kd4 91. Kc6 Kd3 92. Kd5 Ke3 93. Rc4 1-0

[Event "Unterfranken-ch HA 53th"]
[Site "Wuerzburg"]
[Date "2002.??.??"]
[Round "?"]
[White "Heller, Thomas"]
[Black "Emge, Albin"]
[Result "0-1"]
[WhiteElo "1615"]
[BlackElo "1462"]
[PlyCount "138"]
[EventDate "2002.04.01"]
[EventType "swiss"]
[EventRounds "9"]
[EventCountry "GER"]
[SourceTitle "EXT 2015"]
[Source "ChessBase"]
[SourceDate "2014.11.20"]
[SourceVersion "1"]
[SourceVersionDate "2014.11.20"]
[SourceQuality "1"]

1. e4 e5 2. Nf3 Nc6 3. Bc4 Bc5 4. Nc3 Nf6 5. d3 d6 6. Bg5 Bb4 7. 0-0 Bxc3 8. bxc3 Bg4 9. h3 Bh5 10. g4 Bg6 11. Rb1 Na5 12. Bb5+ c6 13. Ba4 b5 14. Bb3 h6 15. Bh4 Nxb3 16. cxb3 0-0 17. Nh2 Qe7 18. Qf3 Qe6 19. Bxf6 Qxf6 20. Qxf6 gxf6 21. f4 Kh8 22. f5 Bh7 23. Rb2 Rg8 24. Rg2 Rad8 25. c4 a6 26. Kf2 bxc4 27. dxc4 d5 28. cxd5 cxd5 29. exd5 Rxd5 30. Re1 Rd2+ 31. Kf3 Rxg2 32. Kxg2 Bxf5 33. Rc1 h5 34. Rc7 hxg4 35. hxg4 Be6 36. Kf3 Rd8 37. Rc2 Rd3+ 38. Kg2 Bd5+ 39. Kf2 Rh3 40. Nf1 Rf3+ 41. Ke2 Rh3 42. Kf2 Be6 43. Rc4 Bxc4 44. bxc4 Ra3 45. Nd2 Rxa2 46. Ke3 Rb2 47. c5 Rb8 48. Kd3 Rd8+ 49. Kc3 Rd4 50. c6 Rxg4 51. Nc4 Rg8 52. Nd6 Kh7 53. c7 Kg6 54. Kd3 f5 55. Ke3 a5 56. c8Q Rxc8 57. Nxc8 Kg5 58. Nd6 f6 59. Kf3 e4+ 60. Ke3 a4 61. Nc4 Kg4 62. Na3 Kg3 63. Nc2 f4+ 64. Kxe4 f5+ 65. Kd3 f3 66. Ke3 a3 67. Nxa3 f4+ 68. Kd2 f2 69. Ke2 Kg2 0-1

[Event "Unterfranken-ch HA 48th"]
[Site "Bergrheinfeld"]
[Date "1997.??.??"]
[Round "6"]
[White "Buerger, Norbert"]
[Black "Heller, Thomas"]
[Result "1-0"]
[WhiteElo "1743"]
[BlackElo "1608"]
[PlyCount "99"]
[EventDate "1997.03.31"]
[EventType "swiss"]
[EventRounds "9"]
[EventCountry "GER"]
[SourceTitle "EXT 2015"]
[Source "ChessBase"]
[SourceDate "2014.11.20"]
[SourceVersion "1"]
[SourceVersionDate "2014.11.20"]
[SourceQuality "1"]

1. d4 d5 2. Nc3 Nf6 3. e4 dxe4 4. f3 exf3 5. Qxf3 Qxd4 6. Be3 Qg4 7. Qf2 a6 8. h3 Qf5 9. Nf3 Ne4 10. Nxe4 Qxe4 11. Bd3 Qd5 12. 0-0 Be6 13. b3 h6 14. Rad1 Qh5 15. Bf4 Nd7 16. Bxc7 Qc5 17. Nd4 Nf6 18. Nxe6 Qxf2+ 19. Rxf2 Nd5 20. Be4 fxe6 21. Be5 h5 22. c4 Rh6 23. cxd5 Rd8 24. Rfd2 g5 25. d6 exd6 26. Bxd6 Bxd6 27. Rxd6 Rxd6 28. Rxd6 g4 29. Bxb7 g3 30. Rxa6 Rf6 31. Bd5 Rf2 32. Rxe6+ Kd7 33. a4 Rb2 34. Re1 Kd6 35. Rd1 h4 36. Bc4+ Kc5 37. Ra1 Kb6 38. a5+ Ka7 39. Ra3 Rb1+ 40. Bf1 Kb7 41. a6+ Ka7 42. Ra4 Rxb3 43. Rxh4 Ra3 44. Rf4 Ra5 45. Rg4 Ra3 46. h4 Rc3 47. h5 Rc5 48. h6 Rh5 49. Rg7+ Ka8 50. h7 1-0

[Event "Unterfranken-ch HA 48th"]
[Site "Bergrheinfeld"]
[Date "1997.??.??"]
[Round "3"]
[White "Heller, Thomas"]
[Black "Engelbrecht, Arno"]
[Result "1-0"]
[WhiteElo "1608"]
[BlackElo "1518"]
[PlyCount "91"]
[EventDate "1997.03.31"]
[EventType "swiss"]
[EventRounds "9"]
[EventCountry "GER"]
[SourceTitle "EXT 2015"]
[Source "ChessBase"]
[SourceDate "2014.11.20"]
[SourceVersion "1"]
[SourceVersionDate "2014.11.20"]
[SourceQuality "1"]

1. d4 d5 2. Nc3 Nf6 3. g3 e6 4. Bg2 Bb4 5. Bd2 Bxc3 6. Bxc3 0-0 7. Nf3 Nbd7 8. e3 c5 9. dxc5 Nxc5 10. 0-0 b6 11. Bb4 Bb7 12. a4 a5 13. Bc3 Rc8 14. b3 Na6 15. Bb2 Nb4 16. c3 Na6 17. Nd4 Nc5 18. b4 Nce4 19. Rc1 Nd6 20. Qe2 Rc4 21. bxa5 bxa5 22. Ra1 Qc7 23. Ba3 Ra8 24. Bxd6 Qxd6 25. Nb5 Qc5 26. Qb2 Ba6 27. Rfc1 Rb8 28. Bf1 Rg4 29. Qa3 Qxa3 30. Rxa3 Bxb5 31. axb5 Ra8 32. f3 Rg5 33. Rca1 h6 34. Rxa5 Rxa5 35. Rxa5 Nd7 36. Ra8+ Kh7 37. f4 Rf5 38. Bd3 g6 39. Bxf5 gxf5 40. Ra7 Nc5 41. Rxf7+ Kg6 42. Rc7 Na4 43. c4 dxc4 44. Rxc4 Nb2 45. Rc6 Kf6 46. b6 1-0

[Event "Unterfranken-ch HA 48th"]
[Site "Bergrheinfeld"]
[Date "1997.??.??"]
[Round "4"]
[White "Ruefner, Achim"]
[Black "Heller, Thomas"]
[Result "1-0"]
[WhiteElo "1690"]
[BlackElo "1608"]
[PlyCount "57"]
[EventDate "1997.03.31"]
[EventType "swiss"]
[EventRounds "9"]
[EventCountry "GER"]
[SourceTitle "EXT 2015"]
[Source "ChessBase"]
[SourceDate "2014.11.20"]
[SourceVersion "1"]
[SourceVersionDate "2014.11.20"]
[SourceQuality "1"]

1. f4 Nf6 2. e3 c5 3. b3 e6 4. Bb2 Nc6 5. Nf3 b6 6. Bb5 Nb4 7. 0-0 Ba6 8. Bxa6 Nxa6 9. c4 Be7 10. d4 Nc7 11. Nbd2 d5 12. Ne5 Qd6 13. Rc1 cxd4 14. exd4 Ne4 15. Nxe4 dxe4 16. Qe2 Bf6 17. Qxe4 0-0 18. Ng4 Qe7 19. Rf3 g6 20. Nxf6+ Qxf6 21. Bc3 Qd8 22. Rd3 Re8 23. Qf3 Qe7 24. Qh3 Qf6 25. d5 Qxf4 26. Rf1 Qd6 27. Qxh7+ Kxh7 28. Rh3+ Kg8 29. Rh8# 1-0